000 00695nam a2200289Ia 4500
005 20260324130616.0
008 008 260324s9999 xx 000 0 eng d
020 _a9781315574356
037 _aEBOOK
040 _aCRL
040 _beng
040 _cCRL
041 _2eng
041 _aeng
084 _qCRL
100 _aPaolo Savona; Michele Fratianni
_91182420
245 0 _aCorporate, Public and Global Governance
245 4 _bThe G8 Contribution
260 _bTaylor and Francis
260 _c2007
365 _a
365 _b230
856 _uhttp://www.taylorfrancis.com/books/9781315574356
942 _cEBOOK
999 _c1778737
_d1778737